WWE SummerSlam 2023 Match Card - Statistics

General Stats
  • This quiz has been taken 37 times
  • The average score is 26 of 42
Answer Stats
Match type Wrestler % Correct
Tribal Combat Roman Reigns
97%
Tribal Combat Jey Uso
94%
Singles Cody Rhodes
88%
Battle Royal LA Knight
88%
Singles Seth "Freakin" Rollins
88%
Singles Brock Lesnar
85%
Singles Finn Bálor
85%
MMA Rules Ronda Rousey
85%
Singles Logan Paul
82%
Singles Ricochet
82%
Triple threat Asuka
79%
Triple threat Bianca Belair
79%
Singles Bianca Belair
79%
Battle Royal Sheamus
79%
Triple threat Charlotte Flair
76%
Singles Gunther
76%
MMA Rules Shayna Baszler
76%
Singles Drew McIntyre
73%
Singles Iyo Sky
73%
Battle Royal AJ Styles
67%
Battle Royal The Miz
64%
Battle Royal Austin Theory
58%
Battle Royal Omos
58%
Battle Royal Grayson Waller
55%
Battle Royal Otis
55%
Battle Royal Ivar
52%
Battle Royal Chad Gable
48%
Battle Royal Erik
48%
Battle Royal JD McDonagh
45%
Battle Royal Karrion Kross
45%
Battle Royal Ludwig Kaiser
45%
Battle Royal Shinsuke Nakamura
45%
Battle Royal Bronson Reed
39%
Battle Royal Santos Escobar
39%
Battle Royal Tommaso Ciampa
39%
Battle Royal Giovanni Vinci
36%
Battle Royal Matt Riddle
36%
Battle Royal Apollo Crews
33%
Battle Royal Butch
33%
Battle Royal Ridge Holland
33%
Battle Royal Rick Boogs
24%
Battle Royal Cameron Grimes
21%
No matching quizzes found
Score Distribution
Percent of People with Each Score
Percentile by Number Answered
Your Score History
You have not taken this quiz